[Event "ESP-ch Seniors 65+"]
[Site "Altea"]
[Date "2017.10.12"]
[Round "6"]
[White "Fernandez Garcia, Ignacio"]
[Black "Fos Santacreu, Juan Andres"]
[Result "0-1"]
[WhiteElo "1871"]
[BlackElo "2140"]
[PlyCount "74"]
[EventDate "2017.10.07"]
[EventType "swiss"]
[EventRounds "9"]
[EventCountry "ESP"]
[SourceTitle "CBM 181 Extra"]
[Source "ChessBase"]
[SourceDate "2017.12.12"]
[SourceVersion "1"]
[SourceVersionDate "2017.12.12"]
[SourceQuality "1"]

1. e4 c6 2. d4 d5 3. e5 c5 4. c3 Nc6 5. Nf3 Bg4 6. Be3 Qb6 7. Nbd2 e6 8. dxc5 Bxc5 9. Bxc5 Qxc5 10. Qa4 Bh5 11. Bd3 Nge7 12. 0-0 0-0 13. Rfe1 a6 14. Qh4 Bg6 15. Bxg6 Nxg6 16. Qg3 b5 17. Rad1 a5 18. Nb3 Qb6 19. Nbd4 b4 20. Nxc6 Qxc6 21. cxb4 axb4 22. Rd4 Rxa2 23. Rxb4 Rfa8 24. h4 Ra1 25. Rxa1 Rxa1+ 26. Kh2 Qc7 27. h5 Ne7 28. Nd4 h6 29. f4 Rd1 30. Qe3 g6 31. hxg6 Nxg6 32. Rb3 Qc4 33. Ne2 Re1 34. Rd3 Qc2 35. Rd2 Qb1 36. g3 Rh1+ 37. Kg2 Qf1# 0-1

[Event "Sueca op 3rd"]
[Site "Sueca"]
[Date "2017.07.25"]
[Round "2"]
[White "Montoliu Cervero, Francisco"]
[Black "Fos Santacreu, Juan Andres"]
[Result "1-0"]
[WhiteElo "2384"]
[BlackElo "2173"]
[PlyCount "81"]
[EventDate "2017.07.24"]
[EventType "swiss"]
[EventRounds "8"]
[EventCountry "ESP"]
[SourceTitle "CBM 179 Extra"]
[Source "ChessBase"]
[SourceDate "2017.08.23"]
[SourceVersion "1"]
[SourceVersionDate "2017.08.23"]
[SourceQuality "1"]

1. e4 g6 2. d4 d6 3. Nc3 Bg7 4. Be3 Nf6 5. f3 Nbd7 6. h4 c6 7. Qd2 h5 8. Nh3 b5 9. Ng5 a6 10. e5 b4 11. e6 fxe6 12. Ne2 Nf8 13. Nf4 Nd5 14. Bc4 Qb6 15. Bf2 Bh6 16. Bd3 Rg8 17. 0-0 a5 18. c4 bxc3 19. bxc3 Bxg5 20. hxg5 Qc7 21. Rfe1 Rb8 22. Ne2 Nd7 23. c4 Nb4 24. Nf4 Nf8 25. Bb1 Kf7 26. a3 Na6 27. Nd3 Nh7 28. c5 Nf8 29. Ba2 Rb7 30. Bg3 Kg7 31. Ne5 Bd7 32. Nc4 e5 33. Rxe5 Be6 34. Re2 Qd8 35. Nxa5 Rb5 36. Bxe6 Nxe6 37. Rxe6 Rxa5 38. Rae1 Rf8 39. Rxe7+ Rf7 40. Qf4 Qf8 41. Qf6+ 1-0

[Event "Valencia-ch op"]
[Site "Puerto de Sagunto"]
[Date "2017.05.01"]
[Round "7"]
[White "Hernandez Lopez, Alberto"]
[Black "Fos Santacreu, Juan Andres"]
[Result "1/2-1/2"]
[WhiteElo "1953"]
[BlackElo "2208"]
[PlyCount "121"]
[EventDate "2017.04.22"]
[EventType "swiss"]
[EventRounds "7"]
[EventCountry "ESP"]
[SourceTitle "EXT 2024"]
[Source "ChessBase"]
[SourceDate "2023.10.10"]
[SourceVersion "1"]
[SourceVersionDate "2023.10.10"]
[SourceQuality "1"]

1. d4 d5 2. c4 c6 3. cxd5 cxd5 4. Nc3 Nc6 5. Bf4 a6 6. e3 Nf6 7. Bd3 e6 8. Rc1 Be7 9. h3 0-0 10. Nf3 b5 11. 0-0 Bb7 12. Ne5 Nxe5 13. Bxe5 Rc8 14. a4 b4 15. Ne2 Rxc1 16. Qxc1 Qd7 17. b3 Rc8 18. Qb1 h6 19. Rc1 Ne4 20. Rxc8+ Qxc8 21. Qc2 Qxc2 22. Bxc2 Kf8 23. f3 Nd6 24. g4 Ne8 25. Kf2 Bh4+ 26. Bg3 Bd8 27. Nc1 Ke7 28. Nd3 a5 29. Nc5 Bc8 30. Nd3 f6 31. Nf4 g5 32. Nd3 Bb6 33. h4 Ba6 34. hxg5 hxg5 35. Bb1 Nd6 36. Bc2 Nf7 37. Bb1 Nd6 38. Bc2 Ne8 39. Bb1 Bxd3 40. Bxd3 Bc7 41. Bxc7 Nxc7 42. Bg6 Kd6 43. Ke2 e5 44. Bf5 exd4 45. exd4 Ke7 46. Ke3 Ne8 47. Bc2 Ng7 48. Bd3 Ke6 49. Ba6 f5 50. Bc8+ Kf6 51. Bb7 Ke6 52. Bc8+ Kf6 53. Bb7 fxg4 54. fxg4 Ke6 55. Bc8+ Ke7 56. Ba6 Kd6 57. Be2 Ne6 58. Bd3 Nf4 59. Bf1 Ke6 60. Bd3 Kf6 61. Bf1 1/2-1/2

[Event "ESP-ch Seniors 50"]
[Site "Altea"]
[Date "2016.10.16"]
[Round "9"]
[White "Fos Santacreu, Juan Andres"]
[Black "Pastor Pons, Pedro Maria"]
[Result "1/2-1/2"]
[WhiteElo "2230"]
[BlackElo "2104"]
[PlyCount "160"]
[EventDate "2016.10.09"]
[EventType "swiss"]
[EventRounds "9"]
[EventCountry "ESP"]
[SourceTitle "EXT 2024"]
[Source "ChessBase"]
[SourceDate "2023.10.10"]
[SourceVersion "1"]
[SourceVersionDate "2023.10.10"]
[SourceQuality "1"]

1. d4 g6 2. g3 Bg7 3. Bg2 c5 4. Nf3 cxd4 5. Nxd4 Nc6 6. c3 Nf6 7. Nd2 0-0 8. 0-0 d5 9. Nxc6 bxc6 10. Qa4 Qb6 11. Nb3 Nd7 12. Be3 Qa6 13. Qxa6 Bxa6 14. Rfe1 e6 15. Rac1 Rfc8 16. Nc5 Nxc5 17. Bxc5 Bf8 18. Bd4 c5 19. Be5 Bg7 20. Bxg7 Kxg7 21. b3 Rab8 22. e3 Rd8 23. Rcd1 Kf8 24. Rd2 Ke7 25. Red1 Bb5 26. f4 a5 27. Kf2 a4 28. e4 dxe4 29. Rxd8 Rxd8 30. Rxd8 Kxd8 31. Bxe4 axb3 32. axb3 Kc7 33. Ke3 Kd6 34. Bd3 Bd7 35. b4 cxb4 36. cxb4 e5 37. fxe5+ Kxe5 38. Bc4 f5 39. b5 Bc8 40. Be2 g5 41. Bf3 f4+ 42. Kd3 g4 43. Ba8 fxg3 44. hxg3 h5 45. Ke3 Kf5 46. Kd4 Kg5 47. Ke5 h4 48. Kd6 hxg3 49. Kc7 Bf5 50. b6 Bd3 51. b7 g2 52. b8Q g1Q 53. Qd8+ Kf4 54. Qd6+ Kg5 55. Qxd3 Qc5+ 56. Bc6 Qe7+ 57. Bd7 Qc5+ 58. Kb7 Qb4+ 59. Kc6 Kh4 60. Kd5 Qf4 61. Qh7+ Kg3 62. Bf5 Qd2+ 63. Ke5 Qf4+ 64. Kf6 Qd6+ 65. Be6 Qf4+ 66. Kg6 Qe4+ 67. Bf5 Qe8+ 68. Kf6 Qf8+ 69. Ke6 Qc8+ 70. Ke5 Qc3+ 71. Ke6 Qc6+ 72. Ke7 Qc7+ 73. Bd7 Qe5+ 74. Kf7 Qf4+ 75. Kg6 Qd6+ 76. Kh5 Qe5+ 77. Bf5 Kf4 78. Qh6+ Kxf5 79. Qg5+ Ke4 80. Kxg4 Qxg5+ 1/2-1/2

[Event "Sueca op 2nd"]
[Site "Sueca"]
[Date "2016.07.30"]
[Round "7.6"]
[White "Penades Ordaz, Victor"]
[Black "Fos Santacreu, Juan Andres"]
[Result "0-1"]
[WhiteElo "2036"]
[BlackElo "2261"]
[PlyCount "90"]
[EventDate "2016.07.25"]
[EventType "swiss"]
[EventRounds "8"]
[EventCountry "ESP"]
[SourceTitle "EXT 2024"]
[Source "ChessBase"]
[SourceDate "2023.10.10"]
[SourceVersion "1"]
[SourceVersionDate "2023.10.10"]
[SourceQuality "1"]

1. d4 Nf6 2. Bf4 e6 3. e3 c5 4. c3 d5 5. Nd2 Nc6 6. Bd3 Be7 7. h3 Bd6 8. Bxd6 Qxd6 9. f4 cxd4 10. cxd4 Nb4 11. Bb1 Bd7 12. a3 Nc6 13. Ngf3 Ne7 14. 0-0 0-0 15. g4 Bc6 16. Ne5 Bb5 17. Rf2 Nd7 18. Ndf3 f6 19. Nd3 Rac8 20. Rg2 Rc7 21. g5 Nf5 22. Qd2 Kh8 23. gxf6 gxf6 24. Nf2 Rfc8 25. Ng4 Qe7 26. Bxf5 exf5 27. Nh6 Nb6 28. b3 Qe6 29. Nh4 Rc2 30. Qe1 Rxg2+ 31. Kxg2 Bd3 32. Qg3 Rc7 33. Kh2 Rg7 34. Qf2 Nc8 35. Rd1 Be4 36. Rg1 Nd6 37. Qe1 Rxg1 38. Qxg1 Qe8 39. Qg3 Qf8 40. Ng4 fxg4 41. hxg4 Nf7 42. f5 Qd6 43. Ng2 Bxg2 44. Kxg2 Qxg3+ 45. Kxg3 Ng5 0-1

[Event "Sueca op 2nd"]
[Site "Sueca"]
[Date "2016.07.27"]
[Round "3.8"]
[White "Diaz Benitez, Ricardo"]
[Black "Fos Santacreu, Juan Andres"]
[Result "1-0"]
[WhiteElo "1988"]
[BlackElo "2261"]
[PlyCount "137"]
[EventDate "2016.07.25"]
[EventType "swiss"]
[EventRounds "8"]
[EventCountry "ESP"]
[SourceTitle "EXT 2024"]
[Source "ChessBase"]
[SourceDate "2023.10.10"]
[SourceVersion "1"]
[SourceVersionDate "2023.10.10"]
[SourceQuality "1"]

1. d4 f5 2. e4 fxe4 3. Nc3 Nf6 4. Bg5 g6 5. Qd2 d5 6. f3 exf3 7. Nxf3 Bf5 8. Bxf6 exf6 9. 0-0-0 c6 10. Re1+ Kf7 11. Nh4 Bd7 12. Bd3 Bg7 13. Rhf1 Re8 14. Nf3 Kg8 15. Rxe8+ Bxe8 16. h4 Nd7 17. Kb1 Nf8 18. Re1 Bf7 19. h5 g5 20. g4 Be6 21. Nh2 Qd7 22. Qg2 Re8 23. Nd1 b6 24. Ne3 h6 25. Qf2 c5 26. c3 c4 27. Bc2 b5 28. Nf5 a5 29. Qd2 Bf7 30. Rxe8 Bxe8 31. Qg2 Bf7 32. Qg3 b4 33. Nf1 Qe8 34. N1e3 Qd8 35. Nxg7 Kxg7 36. Nf5+ Kh8 37. Nxh6 Be6 38. cxb4 axb4 39. Qe1 Qd6 40. Qf2 Kg7 41. Nf5+ Bxf5 42. Qxf5 Qe7 43. Qf2 Ne6 44. Qe3 Qd6 45. Bf5 Nc7 46. Ka1 Kf8 47. h6 Qh2 48. h7 Qh1+ 49. Bb1 Kf7 50. Qd2 Nb5 51. Qxb4 Nxd4 52. Qb7+ Ke6 53. Qb6+ Ke5 54. Qc7+ Ke6 55. Qb6+ Ke5 56. Qb8+ Ke6 57. Qg8+ Ke5 58. Qe8+ Kf4 59. a4 Nb3+ 60. Ka2 Nc1+ 61. Ka1 Nb3+ 62. Ka2 Nc1+ 63. Ka3 Qf3+ 64. Kb4 Qb3+ 65. Ka5 Qxb2 66. h8Q Nb3+ 67. Kb6 Qd4+ 68. Kb7 Nc5+ 69. Ka8 1-0

[Event "Sueca op 2nd"]
[Site "Sueca"]
[Date "2016.07.25"]
[Round "1.8"]
[White "Duller Llopis, Jouke"]
[Black "Fos Santacreu, Juan Andres"]
[Result "0-1"]
[WhiteElo "1742"]
[BlackElo "2261"]
[PlyCount "82"]
[EventDate "2016.07.25"]
[EventType "swiss"]
[EventRounds "8"]
[EventCountry "ESP"]
[SourceTitle "EXT 2024"]
[Source "ChessBase"]
[SourceDate "2023.10.10"]
[SourceVersion "1"]
[SourceVersionDate "2023.10.10"]
[SourceQuality "1"]

1. d4 Nf6 2. Nf3 e6 3. Nbd2 d5 4. e3 Bd6 5. Bd3 0-0 6. 0-0 Nbd7 7. e4 dxe4 8. Nxe4 Nxe4 9. Bxe4 Nf6 10. Bd3 h6 11. Qe2 b6 12. Ne5 Bb7 13. Ng4 Nxg4 14. Qxg4 Qf6 15. c3 e5 16. Be3 Rfe8 17. Be4 Bxe4 18. Qxe4 Rad8 19. d5 Qe7 20. b4 Qd7 21. g4 Rf8 22. Kh1 f5 23. gxf5 Qxf5 24. Qxf5 Rxf5 25. Rg1 Kf7 26. b5 Rh5 27. Rg2 Rh4 28. Rag1 Bf8 29. Rg4 Rxg4 30. Rxg4 Rxd5 31. a4 Bc5 32. Rc4 Ke6 33. Bxc5 Rxc5 34. Rxc5 bxc5 35. c4 e4 36. Kg2 Ke5 37. Kg3 Kd4 38. Kf4 Kxc4 39. Kxe4 Kb3 40. Kd5 c4 41. Kc6 Kxa4 0-1

[Event "Alicante-ch"]
[Site "Altea"]
[Date "2016.04.24"]
[Round "7"]
[White "Granero Roca, Antonio"]
[Black "Fos Santacreu, Juan Andres"]
[Result "1-0"]
[WhiteElo "2413"]
[BlackElo "2249"]
[PlyCount "122"]
[EventDate "2016.04.02"]
[EventType "swiss"]
[EventRounds "7"]
[EventCountry "ESP"]
[SourceTitle "EXT 2024"]
[Source "ChessBase"]
[SourceDate "2023.10.10"]
[SourceVersion "1"]
[SourceVersionDate "2023.10.10"]
[SourceQuality "1"]

1. d4 Nf6 2. c4 e6 3. Nf3 d5 4. Nc3 c6 5. Bg5 h6 6. Bxf6 Qxf6 7. e3 Nd7 8. Rc1 Bd6 9. Bd3 0-0 10. 0-0 Bb8 11. Qb3 Nb6 12. c5 Nd7 13. e4 dxe4 14. Nxe4 Qe7 15. Rfe1 Rd8 16. Bb1 Bc7 17. Qc2 Nf8 18. a3 Rb8 19. Rcd1 Bd7 20. Ne5 Be8 21. Qe2 b5 22. Qe3 Rbc8 23. Ng3 Bb8 24. f4 f6 25. Nf3 Qd7 26. Bc2 Bf7 27. Ne4 Re8 28. Bb3 Ng6 29. g3 Ne7 30. Bc2 Nd5 31. Qd3 Bh5 32. Nf2 g5 33. Rd2 Re7 34. fxg5 hxg5 35. Ne4 Rf8 36. Rf2 Rg7 37. Ref1 Qe7 38. Bb3 f5 39. Ne5 Rc8 40. Bxd5 cxd5 41. Nd6 Bxd6 42. cxd6 Qxd6 43. Qxb5 Rgc7 44. Qd3 Be8 45. Qe3 Rg7 46. Re1 f4 47. Qd2 fxg3 48. hxg3 Bg6 49. Nxg6 Rxg6 50. Re5 Qc7 51. Qe2 Qh7 52. Rh2 Rc1+ 53. Kg2 Qc7 54. Qb5 Kg7 55. Re2 Rc2 56. Qd3 Rxe2+ 57. Qxe2 g4 58. Rh4 e5 59. Rxg4 e4 60. Rxg6+ Kxg6 61. Qg4+ Kh7 1-0

[Event "Alicante-ch"]
[Site "Altea"]
[Date "2016.04.03"]
[Round "3"]
[White "Rubio Tent, Francisco"]
[Black "Fos Santacreu, Juan Andres"]
[Result "0-1"]
[WhiteElo "2169"]
[BlackElo "2249"]
[PlyCount "98"]
[EventDate "2016.04.02"]
[EventType "swiss"]
[EventRounds "7"]
[EventCountry "ESP"]
[SourceTitle "EXT 2024"]
[Source "ChessBase"]
[SourceDate "2023.10.10"]
[SourceVersion "1"]
[SourceVersionDate "2023.10.10"]
[SourceQuality "1"]

1. e4 c6 2. d4 d5 3. Nd2 dxe4 4. Nxe4 Nf6 5. Nxf6+ exf6 6. c3 Bd6 7. Bd3 Qc7 8. Ne2 0-0 9. Qc2 g6 10. h4 h5 11. Bh6 f5 12. Bxf8 Bxf8 13. 0-0-0 Be6 14. Kb1 a5 15. Qd2 b5 16. Nf4 Bd7 17. Bc2 b4 18. c4 a4 19. Rh3 b3 20. axb3 a3 21. Nd3 Qa7 22. Qc3 axb2 23. Qxb2 f4 24. Rhh1 Na6 25. Rhe1 Nb4 26. Nxb4 Bxb4 27. Bd3 Qa5 28. Re2 Bc3 29. Qa2 Qd8 30. Qxa8 Qxa8 31. Ra2 Qc8 32. Be4 Bf5 33. f3 Bxe4+ 34. fxe4 Qg4 35. Rd3 Be1 36. d5 c5 37. d6 Bxh4 38. d7 Bd8 39. Ra8 Qh4 40. b4 cxb4 41. Rd1 Kf8 42. c5 Ke7 43. c6 Qf6 44. Rc8 Qe6 45. Rxd8 Qb3+ 46. Kc1 Qc3+ 47. Kb1 Kxd8 48. Rc1 Qb3+ 49. Ka1 Kc7 0-1

[Event "Provincial-ch Valencia"]
[Site "Valencia"]
[Date "2013.10.26"]
[Round "3"]
[White "Capella Gimenez, Jose Manuel"]
[Black "Fos Santacreu, Juan Andres"]
[Result "0-1"]
[WhiteElo "2112"]
[BlackElo "2283"]
[PlyCount "66"]
[EventDate "2013.10.05"]
[EventType "swiss"]
[EventRounds "7"]
[EventCountry "ESP"]
[SourceTitle "EXT 2024"]
[Source "ChessBase"]
[SourceDate "2023.10.10"]
[SourceVersion "1"]
[SourceVersionDate "2023.10.10"]
[SourceQuality "1"]

1. d4 Nf6 2. c4 e6 3. Nf3 b6 4. Bf4 Bb7 5. e3 Bb4+ 6. Nfd2 0-0 7. Bd3 Bxg2 8. Rg1 Be4 9. Bxe4 Nxe4 10. Qg4 g6 11. Qg2 d5 12. Ke2 Nxd2 13. Nxd2 c6 14. Nf3 Nd7 15. Ng5 Re8 16. Qh3 Nf8 17. Qh6 Bd6 18. Rg4 e5 19. dxe5 Bxe5 20. Bxe5 Rxe5 21. Rag1 dxc4 22. Nxh7 Qd3+ 23. Ke1 Rf5 24. Rd4 Qb1+ 25. Rd1 Qxb2 26. Rd2 Qa1+ 27. Rd1 Qxa2 28. Rg2 Qa5+ 29. Kf1 Nxh7 30. Rxg6+ fxg6 31. Rd7 Qa1+ 32. Kg2 Rg5+ 33. Kf3 Rf8+ 0-1

[Event "La Pobla de Vallbona op"]
[Site "La Pobla de Vallbona"]
[Date "2004.10.??"]
[Round "1"]
[White "Fos Santacreu, Juan Andres"]
[Black "Roig Esteve, Ramon"]
[Result "1-0"]
[WhiteElo "2303"]
[BlackElo "2075"]
[PlyCount "109"]
[EventDate "2004.10.??"]
[EventType "swiss"]
[EventRounds "8"]
[EventCountry "ESP"]
[SourceTitle "EXT 2006"]
[Source "ChessBase"]
[SourceDate "2005.11.24"]
[SourceVersion "1"]
[SourceVersionDate "2005.11.24"]
[SourceQuality "1"]

1. d4 d5 2. c4 c6 3. Nc3 Nf6 4. Bg5 e6 5. e3 Be7 6. f4 Nbd7 7. Nf3 h6 8. Bxf6 Nxf6 9. c5 Qa5 10. a3 Ne4 11. b4 Nxc3 12. Qc2 Qc7 13. Qxc3 Bd7 14. Bd3 Bf6 15. 0-0 a5 16. Rfb1 axb4 17. axb4 0-0 18. h4 Rfb8 19. h5 b5 20. Bc2 Be8 21. Nh2 g6 22. Ng4 Bg7 23. hxg6 fxg6 24. Ra5 Rxa5 25. bxa5 b4 26. Qa1 Rb5 27. a6 Ra5 28. Qb2 Rxa6 29. Qxb4 Qa7 30. Qb8 Qxb8 31. Rxb8 Kf7 32. Bxg6+ Kxg6 33. Rxe8 Kf7 34. Rb8 h5 35. Nh2 Ra7 36. Rc8 Ra6 37. Nf3 Bf6 38. Rc7+ Kg6 39. Kf2 h4 40. Ne5+ Bxe5 41. fxe5 Kf5 42. Kf3 Kg5 43. Rg7+ Kf5 44. Rg4 Ra1 45. Rxh4 Rf1+ 46. Kg3 Re1 47. Kf2 Ra1 48. Rf4+ Kg5 49. Rf6 Kg4 50. Rf4+ Kg5 51. Rf6 Kg4 52. Rxe6 Ra2+ 53. Kg1 Kf5 54. Rf6+ Ke4 55. e6 1-0

[Event "La Pobla de Vallbona op"]
[Site "La Pobla de Vallbona"]
[Date "2004.10.??"]
[Round "7"]
[White "Rodriguez Herreros, Victor"]
[Black "Fos Santacreu, Juan Andres"]
[Result "1-0"]
[WhiteElo "2165"]
[BlackElo "2303"]
[PlyCount "121"]
[EventDate "2004.10.??"]
[EventType "swiss"]
[EventRounds "8"]
[EventCountry "ESP"]
[SourceTitle "EXT 2006"]
[Source "ChessBase"]
[SourceDate "2005.11.24"]
[SourceVersion "1"]
[SourceVersionDate "2005.11.24"]
[SourceQuality "1"]

1. e4 c6 2. d4 d5 3. exd5 cxd5 4. Bd3 Nc6 5. c3 e5 6. dxe5 Nxe5 7. Bb5+ Nc6 8. Nf3 a6 9. Ba4 Nf6 10. 0-0 Be7 11. Ne5 Qc7 12. Bf4 Bd6 13. Re1 0-0 14. Nxc6 bxc6 15. Bxd6 Qxd6 16. Nd2 Bg4 17. Qc2 Rfe8 18. h3 Bh5 19. Qd3 Re6 20. Rxe6 fxe6 21. Re1 c5 22. Qe3 Bf7 23. Nf3 Rb8 24. Re2 Bh5 25. g4 Bf7 26. Ne5 Ne4 27. f4 Nf6 28. Rd2 Be8 29. Bc2 Rd8 30. Nf3 Bg6 31. Bxg6 hxg6 32. Ng5 Re8 33. Qe5 Qxe5 34. fxe5 Nd7 35. Nf3 Kf7 36. Kg2 Ke7 37. Kg3 g5 38. Re2 a5 39. Nxg5 a4 40. Nf3 Rb8 41. h4 Nb6 42. b3 Nd7 43. Rb2 axb3 44. axb3 Ra8 45. h5 Ra3 46. Kf4 Ra8 47. g5 Rf8+ 48. Kg4 Rf5 49. Re2 Kf7 50. b4 cxb4 51. cxb4 Nb6 52. Nd4 Rf1 53. g6+ Ke7 54. Ra2 Nc8 55. Ra6 Rc1 56. Nxe6 d4 57. Nxg7 d3 58. Nf5+ Kf8 59. g7+ Kg8 60. Rf6 Rg1+ 61. Kf3 1-0